000 00464cam a22001217a 4500
008 180718b-- xxu||||| |||| 00| 0 eng d
082 _aT13x54332
100 _aChandigarh. Directorate of Economics and Statistics
245 _aState domestic product and per capita income at current and constant prices (base year 1999-2000)
260 _aChandigarh
_bThe author
_c--
500 _aLibrary has 1999/2000-2005/06
650 _aGross domestic product - India - Chandigarh
999 _c489262
_d489262